Wszystkie kraje kończące się na -stan - Statystyki

Ogólne statystyki
  • Ten quiz został rozwiązany 68 razy
  • Średni wynik to 5 z 7
Statystyki odpowiedzi
Kraj % Poprawnych
Kirgistan
77%
Pakistan
77%
Turkmenistan
77%
Kazachstan
75%
Tadżykistan
75%
Uzbekistan
68%
Afganistan
66%
Nie znaleziono quizów pasujących do podanych kryteriów
Rozkład punktacji
Procent ludzi z każdym wynikiem
Percentyl według liczby udzielonych odpowiedzi
Twoja historia wyników
Nie rozwiązałeś tego quizu